01373cam a22003255a 4500008004100000010001700041020001600058020001800074035002300092040001800115082002400133245009200157260005300249300004200302490004800344500002600392590004000418650002200458650002600480651001000506653001100516655002400527700004100551830004500592856009100637942002800728999001500756952013900771952013700910150817t2001 xxua fr 001 0 eng d a 2002265413 a1579583202  a9781579583200 a(OCoLC)ocm46944621 bengdEG-ScBUE04a363.310904bPOL22200aPolitical censorship /cEditor, Robert Justin Goldstein ; introduction by Floyd Abrams. aChicago :bFitzroy Dearborn Publishers,cc.2001. axvi, 564 p. :b ill., maps ; c29 cm.1 a The New York times 20th century in review. aIndexes : p. 551-564. aMohamed Hussein Reviewed by: Wessam 0aCensorship2BUEsh 0aWorld politics2BUEsh 2BUEsh bBUSBOL vreading book9342321 aGoldstein, Robert Just. eeditort  0aNew York times 20th century in review. 423Publisher descriptionuhttp://www.loc.gov/catdir/enhancements/fy0653/2002265413-d.html cBBk363.310904 POL2ddc c5632d5632 00102ddc40708AlahramaMAINbMAINc1STd2015-09-14epurchasel8m13o363.310904 POLp000007031r2025-07-15 00:00:00s2015-12-03yBB 00102ddc40708AlahramaMAINbMAINc1STd2015-09-14epurchaseg412.50h6488l0o363.310904 POLp000014697r2025-07-15 00:00:00yNB